000 00554 a2200217 4500
001 065876
003 OSt
005 20251208170406.0
008
082 _a515.9
_bB81C
100 1 _aBrown. J.W.
245 1 _aComplex variables and applications
_cBy J.w. Brown And R.v. Churchill
250 _a8th ed.
260 _aNew Delhi
_bMcGraw Hill
_c2009
300 _a468p.
500 _aEnglish
630 _aStatistics
690 _aFunctions of complex variables
700 _aChurchill, R.V.
942 _2ddc
_cBK
999 _c151
_d151